American Political Parties - Statistics

General Stats
  • This quiz has been taken 22 times
  • The average score is 5 of 7
Answer Stats
Hint Answer % Correct
This Party is one of the 2 major political parties in America. Known for claiming the presidency in both 2016 and 2024. With right leaning conservatism and militaristic ideals. Republican Party
100%
This Party is one of the 2 major political parties in America. Known for claiming the presidency in 2020. With center-left and progressive ideals. Democrat Party
80%
This Party holds feminism and environmental conservatism as their main priorities. With Racial equity and same sex marriage as important ideals supported further by this party. Green Party
75%
This Party is a classical liberal Party. Advocating for civil liberties, non-interventionism, laissez-faire capitalism and limiting the size and scope of the American government. Libertarian Party
70%
This Party is a Christian-Right wing affiliate. Advocating for bans on; same sex marriage, Abortion, Adult content/websites, and funding or international aid during wartime. This Party believes America was founded off of the Christian Holy Bible and wants to Govern America according to Old Testament Standards. Constitution Party
45%
This Party is in disagreement with the Vast Majority of opposing Political Parties. Stating that Democratic Socialism is the only correct way to Govern the United States. Socialist Party
45%
This Party is a centrist political party within the United States. With the headquarters being in Texas, this Party holds Radical Centrism, Fiscal conservatism and Populism as primary ideologies. This Party claims both the Democrat and Republican Parties are corrupt beyond saving and claims that their Party alone can bring the divided American people together. Reform Party
35%
No matching quizzes found
Score Distribution
Percent of People with Each Score
Percentile by Number Answered
Your Score History
You have not taken this quiz